| 000 | 00761nam a22002057a 4500 | ||
|---|---|---|---|
| 005 | 20220720111709.0 | ||
| 008 | 220720b ||||| |||| 00| 0 eng d | ||
| 040 | _cAloy | ||
| 041 | _ahin | ||
| 082 |
_223 _aH891.1 _bSHAK |
||
| 100 |
_aVikal Shastri: विकल शास्त्री _951697 |
||
| 245 | _aKavita vatvrakshya hein: कविता वटवृक्ष है | ||
| 260 |
_aDhanbhad: _bPushya Mishra _c2003 |
||
| 300 |
_axiv,332p. _bHB _c21x14cm. |
||
| 365 |
_2Hindi _b100.00 _c₹ _d100.00 |
||
| 650 |
_aHindi Poetry: हिंदी कविता _951694 |
||
| 650 |
_aHindi Literatrue: हिंदी साहित्य _951695 |
||
| 700 |
_aSHASTRI (VIKAL): शास्त्री (विकल) _951696 |
||
| 942 |
_2ddc _cGF |
||
| 999 |
_c224020 _d224020 |
||